000 00866nam a22003017a 4500
001 BR2011002985
003 BR-BrBNA
005 20230928103640.0
007 ta
008 230509b bl.||||| |||| 00| 0 por d
040 _aBR-BrBNA
_bpor
_cBiblioteca Nacional de Agricultura
041 _a(Por)
072 _aD50; L10
_b5214
090 _ 5214 BR2011002985
110 1 _aAssociação Brasileira dos Criadores de Girolando, Uberaba, MG (Brasil)
_9883
245 1 _aRegulamento do serviço de registro genealógico da raça girolando
260 3 _aUberaba, MG (Brasil):
_c2008.
300 _a72 p.
650 _aGADO LEITEIRO
650 _aGADO GIR
650 _aGADO HOLANDÊS
650 _aCRUZAMENTO ANIMAL
650 _aRAÇA
650 _aREGISTRO GENEALÓGICO
650 _aREGULAMENTO
909 _a202309
_bLucia
_c55
_dLucia Elande
942 _cBK
999 _c75961
_d75961